Derecho universitario nicaragüense: teoría y marco jurídico general, conexos, concordancias y jurisprudencia.
| Main Author: | |
|---|---|
| Format: | Section = Libro |
| Language: | Undetermined Spanish |
| Published: |
Managua
CNU
2011
|
| Subjects: |
| LEADER | 00664nam a2200205Ia 4500 | ||
|---|---|---|---|
| 008 | 241007s9999||||xx |||||||||||||| ||und|| | ||
| 020 | |a 978-99924-20-56-0 | ||
| 040 | |a BIBLIOTECA-RURC/ 344.07684 C352 | ||
| 041 | |a spa | ||
| 082 | |a 344.07684 C352 | ||
| 100 | 1 | |a Castillo Guido, Oscar | |
| 245 | 1 | 0 | |a Derecho universitario nicaragüense: teoría y marco jurídico general, conexos, concordancias y jurisprudencia. |
| 260 | |a Managua |b CNU |c 2011 | ||
| 300 | |a 453 p. :il. | ||
| 650 | 7 | |a INTRODUCIÓN AL DERECHO | |
| 650 | 7 | |b DERECHO ADMINISTRATIVO Y UNIVERSITARIO | |
| 650 | 7 | |c MARCO JURIDICO DE LAS INSTITUCIONES | |
| 942 | |c BK |2 ddc | ||
| 991 | |a TEXTO | ||
| 999 | |c 14302 | ||